الجديد في مجال التأمين والضمان في العالم العربي / (رقم التسجيلة. 111145)

تفاصيل مارك
000 -الفاتح
عناصر البيانات ثابتة الطول 00912cam a2200217 i 4500
005 - تاريخ ووقت آخر معاملة
حقل ضبط 20260129100346.0
008 - عناصر البيانات ثابتة الطول
عناصر البيانات ثابتة الطول 250721s2007 le gr 000 0 ara d
020 ## - الترقيم الدولي المعياري للكتب (ردمك)
الترقيم الدولي المعياري للكتب (ردمك) 9953462356
082 14 - رقم تصنيف ديوي العشري
رقم التصنيف 368.956
رقم المادة م ؤ ت
111 2# - مدخل رئيسي – اسم ملتقى أو مؤتمر
اسم الملتقى أو السلطة المختصة كعنصر مدخل المؤتمر العلمي السنوي لكلية الحقوق :
رقم الجزء/القسم/الملتقى الجزء الأول
تاريخ الملتقى أو توقيع المعاهدة من 2006/4/24 ولغاية 2006/4/26 :
مكان انعقاد الملتقى بيروت
علاقة المؤتمر بالعمل/ دور المؤتمر معد.
245 12 - بيان العنوان
العنوان الجديد في مجال التأمين والضمان في العالم العربي /
بيان المسؤولية جامعة بيروت العربية.
264 31 - بيانات النشر، التوزيع…إلخ
مكان النشر، التوزيع...إلخ بيروت :
اسم الناشر، الموزع...إلخ منشورات الحلبي الحقوقية،
تاريخ النشر، التوزيع...إلخ 2007.
300 ## - الوصف المادي
عدد الوحدات المكونة للوعاء 2 جزء.
650 17 - مدخل إضافي بالموضوع - مصطلح موضوعي
مصطلح موضوعي أو اسم جغرافي كعنصر مدخل التامين.
650 17 - مدخل إضافي بالموضوع - مصطلح موضوعي
مصطلح موضوعي أو اسم جغرافي كعنصر مدخل التامين البحري.
650 17 - مدخل إضافي بالموضوع - مصطلح موضوعي
مصطلح موضوعي أو اسم جغرافي كعنصر مدخل التعويض.
650 17 - مدخل إضافي بالموضوع - مصطلح موضوعي
مصطلح موضوعي أو اسم جغرافي كعنصر مدخل سياسه التامين.
710 2# - مدخل إضافي - اسم هيئة
اسم الهيئة أو السلطة المختصة كعنصر مدخل جامعة بيروت العربية
علاقة الهيئة بالعمل/ دورالهئية معد.
942 ## - بيانات إضافية (كوها)
نوع التنصيف Dewey Decimal Classification
نوع المادة (كوها) كتب
المقتنيات
حالة السحب حالة الفقدان مصدر التصنيف حالة التلف غير قابل للإعارة المكتبة الرئيسية المكتبة الحالية موقع الرف تاريخ التزويد الرقم المتسلسل Total Checkouts رقم الإستدعاء الباركود تاريخ آخر ظهور تاريخ الفاتورة نوع المادة (كوها)
    Dewey Decimal Classification     المكتبة المركزية المكتبة المركزية الإعارة 28/07/2025 1164789   368.956 / م ؤ ت 1164789 28/07/2025 28/07/2025 كتب
    Dewey Decimal Classification     المكتبة المركزية المكتبة المركزية الإعارة 28/07/2025 1164790   368.956 / م ؤ ت 1164790 28/07/2025 28/07/2025 كتب
Implemented & Customized by: BBB with SCIT (Smart Chains for Information Technology)

Powered by Koha